00566cam a22002057a 4500003000500000005001700005008004100022010001000063011001000073035001000083040000900093082001500102100002100117245004400138260002900182300001000211490006000221650001900281830006000300CHAP20220329134254.0971013s1980 r 00010 d a17942 a18914 a22999 cCHAP a300.18bJ800aJudge, George G.14aThe theory and practice of econometrics aNew York :bWiley,c1980 a793 p 0aWiley series in probability and mathematical statistics14aEconometría.0 aWiley series in probability and mathematical statistics